Молибден-медно-порфировое месторождение Эрдэнэт (Монголия): монография

Bibliographische Detailangaben
1. Verfasser: Гаврилова С. П.
Körperschaft: Российская академия наук (РАН) Институт минералогии, геохимии и кристаллохимии редких элементов (ИМГРЭ)
Weitere Verfasser: Максимюк И. Е., Оролмаа Д.
Zusammenfassung:В работе рассмотрены структурные, магматические и геохимические факторы локализации молибден-медно-порфирового оруденения в масштабе рудного пояса, рудного района, рудного поля, и крупного месторождения. Выделены дорудный и пять рудоносных этапов развития месторождения, каждый из которых состоит из неоднократного внедрения порфиров, сменяющихся гидротермально-рудными процессами. Установлены следующие минеральные ассоциации: магнетитовая, пирит-кварцевая, молибденит-кварцевая, халькопирит-пирит-кварцевая, халь-козин-борнитовая, полиметаллическая. Рассмотрена вертикальная и горизонтальная зональность, текстурно-структурные особенности руд и состав выделенных минеральных ассоциаций. Дана детальная характеристика минералов, слагающих зону окисления, зону выщелачивания, зону вторичных сульфидных руд и первичных руд. Основными промышленными (рудными) компонентами на месторождении являются медь и молибден. Кроме них в рудах содержатся рений, серебро, селен, образующих промышленные концентрации. Месторождения молибден-медно-порфирового типа, к которым относится Эрдэнэт, являются одним из основных источников добычи рения, особенно ценного элемента, используемого в авиа- и космической технике и других отраслях промышленности. Монография рассчитана на специалистов, занимающихся вопросами металлогении, геологии рудных месторождений, минералогии и геохимии.
Sprache:Russisch
Veröffentlicht: Москва, Изд-во ИМГРЭ, 2010
Schlagworte:
Format: MixedMaterials Buch
KOHA link:https://koha.lib.tpu.ru/cgi-bin/koha/opac-detail.pl?biblionumber=225137

MARC

LEADER 00000nam0a2200000 4500
001 225137
005 20231101230637.0
010 |a 9785901244166 
035 |a (RuTPU)RU\TPU\book\245470 
090 |a 225137 
100 |a 20121106d2010 k y0rusy50 ca 
101 0 |a rus 
102 |a RU 
105 |a a z 001zy 
200 1 |a Молибден-медно-порфировое месторождение Эрдэнэт (Монголия)  |e монография  |f С. П. Гаврилова, И. Е. Максимюк, Д. Оролмаа  |g Российская академия наук (РАН), Институт минералогии, геохимии и кристаллохимии редких элементов (ИМГРЭ) 
210 |a Москва  |c Изд-во ИМГРЭ  |d 2010 
215 |a 271 с.  |c ил. 
320 |a Библиогр.: с.263-269. 
330 |a В работе рассмотрены структурные, магматические и геохимические факторы локализации молибден-медно-порфирового оруденения в масштабе рудного пояса, рудного района, рудного поля, и крупного месторождения. Выделены дорудный и пять рудоносных этапов развития месторождения, каждый из которых состоит из неоднократного внедрения порфиров, сменяющихся гидротермально-рудными процессами. Установлены следующие минеральные ассоциации: магнетитовая, пирит-кварцевая, молибденит-кварцевая, халькопирит-пирит-кварцевая, халь-козин-борнитовая, полиметаллическая. Рассмотрена вертикальная и горизонтальная зональность, текстурно-структурные особенности руд и состав выделенных минеральных ассоциаций. Дана детальная характеристика минералов, слагающих зону окисления, зону выщелачивания, зону вторичных сульфидных руд и первичных руд. Основными промышленными (рудными) компонентами на месторождении являются медь и молибден. Кроме них в рудах содержатся рений, серебро, селен, образующих промышленные концентрации. Месторождения молибден-медно-порфирового типа, к которым относится Эрдэнэт, являются одним из основных источников добычи рения, особенно ценного элемента, используемого в авиа- и космической технике и других отраслях промышленности. Монография рассчитана на специалистов, занимающихся вопросами металлогении, геологии рудных месторождений, минералогии и геохимии. 
606 1 |a Медно-молибденовые месторождения  |2 stltpush  |3 (RuTPU)RU\TPU\subj\41819  |9 61596 
610 1 |a молибден-медно-порфировое оруденение 
610 1 |a Эрдэнэтское месторождение 
610 1 |a Монголия 
610 1 |a геологическое строение 
610 1 |a руды 
610 1 |a вещественный состав 
610 1 |a геохимические особенности 
675 |a 553.462  |v 3 
700 1 |a Гаврилова  |b С. П. 
701 1 |a Максимюк  |b И. Е. 
701 1 |a Оролмаа  |b Д. 
712 0 2 |a Российская академия наук (РАН)  |b Институт минералогии, геохимии и кристаллохимии редких элементов (ИМГРЭ)  |c (Москва)  |2 stltpush  |3 (RuTPU)RU\TPU\col\280 
801 1 |a RU  |b 63413507  |c 20121106 
801 2 |a RU  |b 63413507  |c 20150522  |g RCR 
942 |c BK 
959 |a 146/20121106  |d 1  |e 0  |f ЧЗТЛ:1